000 00830nam a22002537a 4500
001 101067
003 UA-OsUOA
005 20251215103455.0
007 ta
008 20130604b un ||||| |||| 00| 0 ukr d
040 _aUA-OsUOA
_brus
_cUA-OsUOA
_dUA-OsUOA
041 _arus
080 _a821.161.1
090 _a821.161.1
_bЧ-45
100 _aЧернышевский Н.
_922968
245 _aПолное собрание сочинений в пятнадцати томах
_nН. Чернышевский
260 _aМ.
_bГослитиздат
_c1950
300 _a1006 с.
505 _gТ. 5
_tСтатьи 1858–1859
650 7 _a82 Література. Літературознавство
_2UDC
_915
942 _cBK
_2udc
955 _a3
999 _c387316
_d387316